000 00659nam a2200241 i 4500
001 C2-0120075
003 PPAK
005 20180727112337.0
008 970805s1988 nyu |||| ||||| | eng d
020 _a044308484X
040 _aPPAK
_beng
_cPPAK
_erda
082 0 4 _a617.522
_223
090 0 0 _a617.522
_bTMJ
_dG
100 0 _aTMJ disorders,
_eauthor
245 1 0 _aClinics in physical theraphy
264 1 _aNew York :
_bhurchill Livingstone ,
_c1988
300 _a422 pages ;
_c24 cm
336 _2rdacontent
_atext
337 _2rdamedia
_aunmediated
338 _2rdacarrier
_avolume
650 1 0 _aTemporamandibular joint - Diseases
942 _ddc
_cB
999 _c33541
_d33541